• 首页
  • 本馆介绍
  • 公告通知
  • 最新文献
  • 馆藏检索
  • 电子资源
  • 读者导购
  • 参考咨询
  • 我的图书馆
  • 登录
  • 详细信息显示
  • 放入我的书架
  • 预约/预借图书
  • 作者相关作品
  • 分类相关作品
  • 丛书相关作品
  • 出版社相关作品

书目信息

  • 表格格式
  • 工作单格式
  • 卡片格式
题名:
学校生涯教育操作手册与实务
    
 
作者: 尚新华 主编
分册:  
出版信息: 郑州   河南电子音像出版社  2019.06
页数: 226页
开本: 26cm
丛书名:
单 册:
中图分类: G473.8
科图分类:
主题词: 职业选择--zhi ye xuan ze--学校教育
电子资源:
ISBN: 978-7-83009-319-8
000 00938nam0 2200229 450
001 0105143317
005 20201105143350.0
010    @a978-7-83009-319-8@dCNY46.00
100    @a20190626d2019 em y0chiy0110 ea
101 0  @achi
102    @aCN@b410000
105    @ay z 000yy
106    @ar
200 1  @a学校生涯教育操作手册与实务@Axue xiao sheng ya jiao yu cao zuo shou ce yu shi wu@f尚新华主编
210    @a郑州@c河南电子音像出版社@d2019.06
215    @a226页@d26cm
330    @a本书是对生涯教育从幼儿园、小学、初中、高中及与大学衔接进行的一体化建构。从生涯教育是什么,为什么,干什么,怎么干,给示范等五个部分,体现专业性,针对性,全面性,操作性,让学校一书在手,就可以明白生涯的意义,目标,内容,实施,评估等系列要点,书中还会提供相应操作范例。
606 0  @a职业选择@Azhi ye xuan ze@x学校教育
690    @aG473.8@v5
701  0 @a尚新华@Ashang xin hua@4主编
801  0 @aCN@bBJSZM@c20201105
905    @b1262450-3@dG473.8@e254@f4
    
    学校生涯教育操作手册与实务/尚新华主编.-郑州:河南电子音像出版社,2019.06
    226页;26cm
    
    
    ISBN 978-7-83009-319-8:CNY46.00
    本书是对生涯教育从幼儿园、小学、初中、高中及与大学衔接进行的一体化建构。从生涯教育是什么,为什么,干什么,怎么干,给示范等五个部分,体现专业性,针对性,全面性,操作性,让学校一书在手,就可以明白生涯的意义,目标,内容,实施,评估等系列要点,书中还会提供相应操作范例。
●
相关链接 在E读中查询图书 在五车中查询图书 在当当中查询图书 在豆瓣中查询图书


正题名:学校生涯教育操作手册与实务     索取号:G473.8/254         预约/预借

序号 登录号 条形码 馆藏地/架位号 状态 备注
1 1262450   212624506   第一样本阅览室/ [索取号:G473.8/254] 在馆    
2 1262451   212624515   教育系资料室/ [索取号:G473.8/254] 在馆    
3 1262452   212624524   教育系资料室/ [索取号:G473.8/254] 在馆    
4 1262453   212624533   第四借阅区/ [索取号:G473.8/254] 在馆    
唐山师范学院图书馆 欢迎您!
大连网信软件有限公司© 版权所有